000 00712nam a2200277Ia 4500
008 171120s9999 xx 000 0 und d
020 _a9.7897127225e+012
050 _a899.21
050 _bB441 2009
100 _aBellen, Christine S.
245 _aTara na sa Entablado! :
245 _bmga dulang pang-classroom ng mga kuwento ni Lola Basyang /
245 _cby Christine S. Bellen.
260 _aPhilippines :
260 _bAnvil,
260 _c2009
300 _a132 pages :
300 _billustrations ;
300 _c21cm.
650 _aDrama --
650 _aDrama.
650 _aPhilippine literature --
650 _xDrama.
650 _xStudy and teaching.
700 _aTitle.
999 _c345336
_d345336